Giáo trình tiếng Anh thư tín thương mại = English for commercial correspondences (Dùng trong các trường THCN)
Hướng dẫn học tiếng Anh theo chuyên ngành thương mại dành cho sinh viên trung học chuyên nghiệp
Saved in:
| Main Author: | |
|---|---|
| Format: | Book |
| Language: | Undetermined |
| Published: |
Hà Nội
Nhà xuất bản Hà Nội
2006
|
| Subjects: | |
| Tags: |
Add Tag
No Tags, Be the first to tag this record!
|
| Institutions: | Trung tâm Học liệu Trường Đại học Cần Thơ |
|---|
| LEADER | 00906nam a2200217Ia 4500 | ||
|---|---|---|---|
| 001 | CTU_142678 | ||
| 008 | 210402s9999 xx 000 0 und d | ||
| 020 | |c 16500 | ||
| 082 | |a 428.24 | ||
| 082 | |b Ng419 | ||
| 100 | |a Nguyễn, Bích Ngọc | ||
| 245 | 0 | |a Giáo trình tiếng Anh thư tín thương mại = | |
| 245 | 0 | |b English for commercial correspondences (Dùng trong các trường THCN) | |
| 245 | 0 | |c Nguyễn Bích Ngọc, Đào Thị Hương | |
| 260 | |a Hà Nội | ||
| 260 | |b Nhà xuất bản Hà Nội | ||
| 260 | |c 2006 | ||
| 520 | |a Hướng dẫn học tiếng Anh theo chuyên ngành thương mại dành cho sinh viên trung học chuyên nghiệp | ||
| 650 | |a English for commercial correspondence,Tiếng Anh thư tín thương mại | ||
| 904 | |i Hạ Nguyên | ||
| 980 | |a Trung tâm Học liệu Trường Đại học Cần Thơ | ||